000
00240nam a2200097Ia 4500
008
230508s1993 xx 000 0 und d
041
_a
eng
100
_a
SPIEGEL M.R.
245
_a
ADVANCED MATHEMATICS FOR ENGG. & SCIENTISTS
260
_c
1993
999
_c
327092
_d
327092